Religious Figures #1 - Statistics

General Stats
  • This quiz has been taken 106 times
  • The average score is 10 of 13
Answer Stats
Hint Answer % Correct
He is a central figure in Christianity and is emulated as the incarnation of God by many Christians all over the world Jesus Christ
94%
First appearing in the gospels of Matthew and Luke, he was the earthly father of Jesus Christ and the husband of the Virgin Mary Joseph
93%
Current Pope Pope Francis
92%
A German monk who forever changed Christianity when he nailed his '95 Theses' to a church door in 1517, sparking the Protestant Reformation Martin Luther
90%
Ireland's patron saint, known for spreading Christianity throughout the country as a missionary during the 5th century Saint Patrick
87%
Born Siddhartha Gautama, his teachings serve as the foundation of the Buddhist religion Buddha
82%
Tibet's political leader, has strived to make Tibet an independent and democratic state from China Dalai Lama
81%
Santa Claus Saint Nicholas
80%
The founder of the Order of the Missionaries of Charity, a Roman Catholic congregation of women dedicated to helping the poor. Considered one of the 20th Century's greatest humanitarians Mother Teresa
77%
Founder of Islam Muhammed
73%
Depicted in a famous painting by Raphael riding a horse whilst slaying a dragon Saint George
52%
Figure in the Bible's New Testament who was one of Jesus' most loyal followers and is said to have been the first to witness his resurrection Mary Magdalene
49%
Phoenician princess, later the wife of King Ahab of Israel. In the centuries since her death, she has acquired numerous references in popular culture, none of them flattering Jezebel
31%
No matching quizzes found
Score Distribution
Percent of People with Each Score
Percentile by Number Answered
Your Score History
You have not taken this quiz